| 000 | 00438nam a2200133Ia 4500 | ||
|---|---|---|---|
| 008 | 220217s9999 xx 000 0 und d | ||
| 245 | 0 | _aIndian Standard: Specification for fumigation sheets and covers, rubberized | |
| 260 | _aNew Delhi | ||
| 260 |
_c1968 _bIndian Standards Institution |
||
| 490 | _aTreated fabrics sectional committee, CETDC 3 | ||
| 500 | _aStandard number: IS 4810 | ||
| 650 | _aRubber fumigation sheet | ||
| 942 | _cST | ||
| 999 |
_c73811 _d73811 |
||